LEADER 01151nam a2200265 i 4500 001 000000163168 003 CaOOAMICUS 005 20240416153559.0 008 070719s1962 it u000 u ita u 013 $a140532 040 $aSeMil$bita 100 1 $aLukács, György,$d<1885-1971>.$0(OLS)http://semarc/name/6691 245 10$aTeoria del romanzo :$bsaggio storico-filosofico sulle forme della grande epica /$cGyörgy Lukács ; introduzione di Lucien Goldmann. 260 $aMilano :$bSugar,$cstampa 1962. 300 $a221 p. ;$c22 cm. 490 0 $aArgomenti ;$v3 650 4$aRomanzo .$0(OLS)http://semarc/subject/9964 700 1 $aGoldmann, Lucien,$d<1913-1970>.$0(OLS)http://semarc/name/25498 830 0$aArgomenti ;$v3.$0(OLS)http://semarc/title/7375 850 $aSeMil 852 $aSeMil$W1$xVenegono$y1$m1R III 35$j247646$B114482$CSeMilBibl$Z2$F125290 $81 961 $aRecupero: Altro 996 $6245$aTeoria del romanzo :$bsaggio storico-filosofico sulle forme della grande epica$9(OLS)http://semarc/title/232781 996 $6260$aMilano :$bSugar$9(OLS)http://semarc/publisher/32210 LEADER 01112nas a2200229 i 4500 001 000000225820 003 CaOOAMICUS 005 20200408103447.0 008 131218b1893 it uu u0 0ger r 013 $a204722 040 $aSeMil$bita 100 1 $aDreves, Guido Maria,$c.$0(OLS)http://semarc/name/71480 245 10$aAurelius Ambrosius, "der Vater des Kirchengesanges" :$beine hymnologische Studie /$cvon Guido Maria Dreves. 264 1$aFreiburg im Breisgau :$bHerdersche Verlagshandlung,$c1893. 300 $aV, 146 p. ;$c23 cm. 650 4$aAmbrogio - Inni.$0(OLS)http://semarc/subject/15045 772 0 $tStimmen aus Maria-Laach.$dFreiburg im Breisgau : Herder, 1871-1914.$w()2962 850 $aSeMil 852 $aSeMil$W1$xVenegono$y1$m2T III 4 FA$j176166$B176166$CSeMilBibl$Z2$F186698 $8I 996 $6245$aAurelius Ambrosius, "der Vater des Kirchengesanges" :$beine hymnologische Studie$9(OLS)http://semarc/title/323426 996 $6264$aFreiburg im Breisgau :$bHerdersche Verlagshandlung$9(OLS)http://semarc/publisher/31301